000 00693nam a2200157 i 4500
001 164618
003 ES-MaACL
005 20230906212954.0
008 050802s1880 sp | |||||||| ||spa d
040 _aCAM
_bspa
_cCAM
100 1 _aSánchez y Martínez, José.
_9133039
245 1 0 _aA Córdoba
_b: oda premiada en el certámen celebrado por la Sociedad Económica Cordobesa de Amigos del País en su primer centenario /
_cpor José Sanchez y Martinez.
260 _aMadrid :
_b[s.n.],
_c1880 (
_fR. Velasco impresor)
300 _a19 p. ;
_c18 cm.
852 _aES-MaACL
_jT-343-F-6
_z-- Enc. hol.
_z-- Dedic. ms. del autor a la biblioteca del Ateneo de Madrid
_z-- Enc. en un vol. facticio
999 _c164618
_d164618